00000000cam 2200000zi 4500
0019.963121
003CaOODSP
00520260527141230
006m     o  d f      
007cr bn|||||||||
008260527s2005    onc     ob   f000 0 fre d
040 |aCaOODSP|bfre|erda|cCaOODSP
043 |an-cn---
0861 |aT52-4/300-2005F-PDF
24500|aGuide d'étude et de référence : |bexamens des techniciens d'entretien d'aéronef.
264 1|a[Ottawa] : |bTransports Canada = Transport Canada, |c2005.
300 |a1 ressource en ligne (17 pages)
336 |atexte|btxt|2rdacontent/fre
337 |ainformatique|bc|2rdamedia/fre
338 |aressource en ligne|bcr|2rdacarrier/fre
500 |aPublié aussi en anglais sous le titre : Study and reference guide: aircraft maintenance engineer examinations.
500 |a« TP 14038F (révisé 08/2005). »
500 |a« 2005 août – rév. 1. »
504 |aComprend des références bibliographiques.
520 |a« Le présent Guide d'étude et de référence a pour objet d'aider le candidat technicien d'entretien d'aéronefs (TEA) à préparer les examens techniques de Transports Canada (TC) requis par la Norme 566.07 du Règlement de l'aviation canadien (RAC). Le candidat se doit de posséder des connaissances dans tous les domaines de l'entretien des aéronefs requis par les exigences de certification associées à la licence » -- Introduction.
650 6|aAéronefs|zCanada|xEntretien et réparations|xExamens|vGuides de l'étudiant.
650 6|aMécaniciens d'aéronef|xPermis, licences, etc.|zCanada.
655 7|aGuides de l'étudiant|2rvmgf
7101 |aCanada. |bTransports Canada, |eorganisme de publication.
77508|tStudy and reference guide : |w(CaOODSP)9.961761
85640|qPDF|s68 Ko|uhttps://publications.gc.ca/collections/collection_2026/tc/T52-4-300-2005-fra.pdf
8564 |qHTML|sS.O.|uhttps://tc.canada.ca/fr/aviation/publications/guide-etude-reference-examens-techniques-techniciens-entretien-aeronef-tp-14038
986 |aTP 14038F